000 00572nam a2200181 a 4500
001 000020611
005 20200930011132.0
008 100811s2017 dr r 000 0 spa d
020 _a9789945168259
040 _aDO-SdBNP
_bspa
_cBNPHU
082 _axxxx
_bA696a
100 1 _aArias Hidalgo, Esteban,
_d1972-
_943338
245 1 0 _aAtrapa tu momento /
_cEsteban arias Hidalgo.
260 _aSanto Domingo :
_bBúho,
_c2017.
300 _a80 p. ;
_c22 cm.
500 _aIncluye datos biográficos del autor en la solapa de la contracubierta
590 _aInventariado, 2020/BT
999 _c20115
_d20115